Taylor Swift - Devine les chansons par leurs bridge #7 - Statistiques

Statistiques générales
  • Ce quiz a été pris 146 fois
    108 depuis la dernière actualisation
  • Le résultat moyen est 8 sur 15
Statistiques - réponses
Hint Réponse % Correct
How long could we be a sad song'Til we were too far gone to bring back to life? I gave you all my best me's, my endless empathy And all I did was bleed as I tried to be the bravest soldier Fighting in only your army, frontlines, don't you ignore me I'm the best thing at this party (You're losin' me) And I wouldn't marry me either A pathological people pleaser Who only wanted you to see her And I'm fadin', thinkin' "Do something, babe, say something" (Say something) "Lose something, babe, risk something" (***) "Choose something, babe, I got nothing" (I got nothing) "To believe, unless you're choosin' me" You’re Losing Me
95%
Say it once again with feelingHow the death rattle breathing Silenced as the soul was leaving The deflation of our dreaming Leaving me bereft and reeling My beloved ghost and me Sitting in a tree D-Y-I-N-G How Did It End?
87%
You make me so happy it turns back to sad (Yeah)There's nothin' I hate more than what I can't have (And) You are so ***, it makes me so mad (Mm) You make me so happy it turns back to sad (Yeah) There's nothin' I hate more than what I can't have (And) Guess I'll just stumble on home to my cats (Ugh) alone Unless you wanna come along (Oh) Gorgeous
81%
I need to forget, so take me to ***I've got some regrets, I'll bury them in *** Tell me I'm despicable, say it's unforgivable At least the dolls are beautiful, fuck me up, *** I need to forget, so take me to *** I've got some regrets, I'll bury them in *** Tell me I'm despicable, say it's unforgivable What a crash, what a rush, fuck me up, *** It's one hell of a drug It's one hell of a drug Love left me like this and I don't want to exist So take me to *** Florida!!!
78%
And they called off the circus, burned the disco downWhen they sent home the horses and the rodeo clowns I'm still on that tightrope I'm still trying everything to get you laughing at me And I'm still a believer, but I don't know why I've never been a natural, all I do is try, try, try I'm still on that trapeze I'm still trying everything to keep you looking at me mirrorball
72%
I remember the night at the hotelI was ridin' in the car when we both fell I'm the one on the phone as you whisper "Do you know how much I miss you?" I wish that we could go back in time And I'd say to you "I miss you like it was ***" The Very First Night
65%
I reached for you, but you were goneI knew I had to go back home You searched the world for somethin' else To make you feel like what we had And in the end, in ***, we both went mad Oh Wonderland
49%
You are an expert at "Sorry" and keepin' lines blurryNever impressed by me acing your tests All the girls that you run dry have tired, lifeless eyes 'Cause you burned them out But I took your matches before fire could catch me So don't look now I'm shining like fireworks over your sad, empty town Oh Dear John
47%
Sent me a clear messageTaught me some hard lessons I just forget what they were It's all just a blur I Forgot That You Existed
43%
Oh, back up, baby, back upDid you forget everything? Back up, baby, back up Did you forget everything? Forever & Always
39%
What do you sayWhen tears are streaming down your face In front of everyone you know? And what do you do When the one who means the most to you Is the one who didn't show? The Moment I Knew
38%
My foes and friends watch my reign endI don't know how it could've ended this way Smoke billows from my ships in the harbor People look at me like I'm a monster Now they're screamin' at the palace front gates Used to chant my name Now they're screaming that they hate me Never wanted you to hate me Castles Crumbling
33%
And the skeletons in both our closetsPlotted hard to fuck this up And the old men that I've swindled Really did believe I was the one And the ladies lunchin' have their stories about When you passed through town Oh, but that was all before I locked it down cowboy like me
22%
A few years had gone and come aroundWe were sitting at our favorite spot in town And you looked at me, got down on one knee Mary’s Song
15%
Time slows downWhenever you're around I can feel my heart It's beating in my chest Did you feel it? I can't put this down Today Was a Fairytale
10%
Aucun quiz correspondant
Distribution des résultats
% des personnes avec chaque résultat
Percentile par nombre de réponses
Votre historique - résultats
Vous n’avez pas pris ce quiz depuis la dernière actualisation